000 00409nam a2200169 a 4500
001 0545
005 20140414132029.0
008 040201s19uu xx 00 eng d
020 _a0-7445-0040-0
050 _aTR
_bP69 1983
100 _aOxenbury, Helen
245 _aPlay school /
_cHelen Oxenbury.
260 _aItaly :
_bWalker Books,
_c1983.
300 _ap. ; cm.
500 _aTR/PS
999 _c113594
_d113594